Holiday Quiz

Random Holiday or Blitz Quiz

Blitz: Christmas, Hanukkah, or Kwanzaa? Quiz Stats

 Plays Quiz Updated Dec 8, 2015

Challenge
Share
Tweet
Embed
Score 0/20 Timer 01:30
0 Plays Today
Fun Fact C, H, or K % Correct
Features Santa Claus???
84%
Traditional songs are often called 'carols'???
83.7%
Decorations include indoor trees and oversized socks???
83.4%
Centers around the birth of a religious figure???
83.1%
Traditional colors are red and green???
81.1%
Is primarily celebrated by Jews???
74.7%
Features a candle holder called a menorah???
73.9%
Often involves playing a game with a top called a dreidel???
72.4%
Was created by Dr. Maulana Karenga???
72.1%
Honors a miracle in which one night's worth of oil lasted for eight???
69.4%
Fun Fact C, H, or K % Correct
Traditional foods include latkes and doughnuts???
68.7%
Symbolic colors are red, green, and black???
66.1%
Is known as the Festival of Lights???
62%
Features a candle holder called a kinara???
61.9%
Always begins on Boxing Day???
58.5%
Features seven main principles???
56.8%
Does not have a set date on the Western calendar???
55.1%
In some denominations, the full celebration lasts for 12 days???
55%
Was assigned its date to align with the Saturnalia celebration???
52.1%
First commemorative US postage stamp was issued in 1997???
49.8%

You're not logged in!

Compare scores with friends on all Sporcle quizzes.
OR
Log In

You Might Also Like...

Show Comments

Extras

Top Quizzes Today


Score Distribution

Your Account Isn't Verified!

In order to create a playlist on Sporcle, you need to verify the email address you used during registration. Go to your Sporcle Settings to finish the process.

Report this User

Report this user for behavior that violates our Community Guidelines.

Details: